000 01170nam a22003014a 4500
001 ebr10233038
003 CaPaEBR
006 m u
007 cr cn|||||||||
008 030513s2003 maua sb 001 0 eng
020 _z140511634X
040 _aCaPaEBR
_cCaPaEBR
035 _a(OCoLC)56109614
050 1 4 _aRC741.5
_b.C68 2003eb
082 0 4 _a616.2
_221
245 0 0 _aCough
_h[electronic resource] :
_bcauses, mechanisms, and therapy /
_cedited by Kian Fan Chung, John G. Widdicombe, Homer A. Boushey.
260 _aMalden, Mass. :
_bBlackwell Pub.,
_c2003.
300 _axii, 304 p. :
_bill.
504 _aIncludes bibliographical references and index.
533 _aElectronic reproduction.
_bPalo Alto, Calif. :
_cebrary,
_d2013.
_nAvailable via World Wide Web.
_nAccess may be limited to ebrary affiliated libraries.
650 0 _aCough.
655 7 _aElectronic books.
_2local
700 1 _aChung, K. Fan,
_d1951-
700 1 _aWiddicombe, John G.
700 1 _aBoushey, Homer A.
710 2 _aebrary, Inc.
856 4 0 _uhttp://site.ebrary.com/lib/rucke/Doc?id=10233038
_zAn electronic book accessible through the World Wide Web; click to view
999 _c38025
_d38025